| 000 | 00502nam a2200205Ia 4500 | ||
|---|---|---|---|
| 008 | 170918s9999 xx 000 0 und d | ||
| 020 | _a9780516246482 | ||
| 050 | _bV215 2004 | ||
| 100 | _aValzania, Kimberly | ||
| 245 | _aGreat lakes / | ||
| 245 | _cKimberly Valzania. | ||
| 260 | _aNew York : | ||
| 260 | _bChildren's Press, | ||
| 260 | _c2004 | ||
| 300 | _a31 pages : | ||
| 300 | _bcolored illustration ; | ||
| 300 | _c18cm. | ||
| 440 | _aRookie read-about geography. | ||
| 500 | _a500 | ||
| 999 |
_c342658 _d342658 |
||